Shikshak shiksha main parepekshay (Record no. 393809)

MARC details
000 -LEADER
fixed length control field 00507 a2200193 4500
005 - DATE & TIME
control field 20260102150204.0
008 - FIXED-LENGTH DATA ELEMENTS--GENERAL INFORMATION
fixed length control field 260102b |||||||| |||| 00| 0 eng d
020 ## - ISBN
International Standard Book Number 97893492020696
Price Rs. 550.00
040 ## - CATALOGING SOURCE
Original cataloging agency VIVEKANANDA LIBRARY
082 ## - DDC NUMBER
Classification number 370.71
Book Number Y11S
100 ## - MAIN ENTRY--PERSONAL NAME
Personal name Yadav, Priyanka
245 ## - TITLE STATEMENT
Title Shikshak shiksha main parepekshay
260 ## - PUBLICATION, DISTRIBUTION, ETC. (IMPRINT)
Name of publisher, distributor, etc V R Book International
Date of publication, distribution, etc 2025
Place of publication, distribution, etc New Delhi
300 ## - PHYSICAL DESCRIPTION
Pages xi, 156
650 ## - Subject
Subject Education
650 ## - Subject
Subject Teacher Education
700 ## - Added Entry Personal Name
Added Entry Personal Name Maneeta Devi, ed.
942 ## - ADDED ENTRY ELEMENTS (KOHA)
Koha item type Books
Holdings
Withdrawn status Lost status Source of classification or shelving scheme Damaged status Not for loan Location (home branch) Sublocation or collection (holding branch) Shelving location Date acquired Koha issues (times borrowed) Koha full call number Accession No. Koha date last seen Koha item type
    Dewey Decimal Classification     VIVEKANANDA LIBRARY VIVEKANANDA LIBRARY Centre for Disability Studies 02/01/2026   370.71 Y11S 443470 02/01/2026 Books
    Dewey Decimal Classification     VIVEKANANDA LIBRARY VIVEKANANDA LIBRARY Centre for Disability Studies 02/01/2026   370.71 Y11S 443469 02/01/2026 Books
    Dewey Decimal Classification     VIVEKANANDA LIBRARY VIVEKANANDA LIBRARY Centre for Disability Studies 02/01/2026   370.71 Y11S 443472 02/01/2026 Books
    Dewey Decimal Classification     VIVEKANANDA LIBRARY VIVEKANANDA LIBRARY Centre for Disability Studies 02/01/2026   370.71 Y11S 443471 02/01/2026 Books
    Dewey Decimal Classification     VIVEKANANDA LIBRARY VIVEKANANDA LIBRARY Centre for Disability Studies 02/01/2026   370.71 Y11S 443473 02/01/2026 Books
© Designed and Maintained by Vivekananda Library, MDU Rohtak